|
|
|
|
| LEADER |
01422nam a22003494a 4500 |
| 001 |
EBC214328 |
| 003 |
MiAaPQ |
| 005 |
20200520144314.0 |
| 006 |
m o d | |
| 007 |
cr cn||||||||| |
| 008 |
040218s2004 nju sb 000 0 eng |
| 010 |
|
|
|z 2004003665
|
| 020 |
|
|
|z 0471531189 (cloth : acid-free paper)
|
| 035 |
|
|
|a (MiAaPQ)EBC214328
|
| 035 |
|
|
|a (Au-PeEL)EBL214328
|
| 035 |
|
|
|a (CaPaEBR)ebr10114128
|
| 035 |
|
|
|a (CaONFJC)MIL26509
|
| 035 |
|
|
|a (OCoLC)61734102
|
| 040 |
|
|
|a MiAaPQ
|c MiAaPQ
|d MiAaPQ
|
| 050 |
|
4 |
|a HF5667
|b .O6728 2004
|
| 082 |
0 |
4 |
|a 657/.03
|2 22
|
| 100 |
1 |
|
|a O'Regan, David.
|
| 245 |
1 |
0 |
|a Auditor's dictionary
|h [electronic resource] :
|b terms, concepts, processes, and regulations /
|c David O'Regan.
|
| 260 |
|
|
|a Hoboken, N.J. :
|b Wiley,
|c c2004.
|
| 300 |
|
|
|a xviii, 315 p.
|
| 504 |
|
|
|a Includes bibliographical references (p. 279-293).
|
| 505 |
0 |
|
|a User guide -- Entries A-Z -- Sources -- Abbreviations -- List of institutions -- List of publications, texts, and legislation -- Biographical names -- Non-English terms.
|
| 533 |
|
|
|a Electronic reproduction. Ann Arbor, MI : ProQuest, 2015. Available via World Wide Web. Access may be limited to ProQuest affiliated libraries.
|
| 650 |
|
0 |
|a Auditing
|v Dictionaries.
|
| 655 |
|
4 |
|a Electronic books.
|
| 710 |
2 |
|
|a ProQuest (Firm)
|
| 856 |
4 |
0 |
|u https://ebookcentral.proquest.com/lib/matrademy/detail.action?docID=214328
|z Click to View
|